Normal view MARC view

Entry Topical Term

Number of records used in: 2

001 - CONTROL NUMBER

  • control field: 1647

003 - CONTROL NUMBER IDENTIFIER

  • control field: OSt

005 - DATE AND TIME OF LATEST TRANSACTION

  • control field: 20141030150434.0

008 - FIXED-LENGTH DATA ELEMENTS

  • fixed length control field: 141030|| aca||aabn | a|a d

040 ## - CATALOGING SOURCE

  • Original cataloging agency: OSt
  • Transcribing agency: OSt

150 ## - HEADING--TOPICAL TERM

  • Topical term or geographic name entry element: Pharmaceutical Preparations.

670 ## - SOURCE DATA FOUND

  • Source citation: Work cat.: (OSt)628: Waller, Derek. 1646, Medical pharmacology and therapeutics /, 2005.